000 00309nam a22001337a 4500
008 170824b xxu||||| |||| 00| 0 eng d
020 _a6540560114
041 _aeng
080 _a51
100 _a38
101 _aMAT
245 _aMATHEMATICAL RESEARCH TODAY AND TOMORROW
_cCASACUBERTA,C
942 _2udc
_cBK
999 _c24774
_d24774